STRATEGY AND STRUCTURE CHAPTERS IN THE H (Record no. 19162)

MARC details
000 -LEADER
fixed length control field 00376nam a2200133Ia 4500
008 - FIXED-LENGTH DATA ELEMENTS--GENERAL INFORMATION
fixed length control field 240624s9999 xx 000 0 und d
041 ## - LANGUAGE CODE
Language code of text/sound track or separate title eng
082 ## - DEWEY DECIMAL CLASSIFICATION NUMBER
Classification number 646.4021 CHA
100 ## - MAIN ENTRY--PERSONAL NAME
Personal name CHANDLER ALFRED D
245 ## - TITLE STATEMENT
Title STRATEGY AND STRUCTURE CHAPTERS IN THE H
260 ## - PUBLICATION, DISTRIBUTION, ETC.
Date of publication, distribution, etc. 1969
Place of publication, distribution, etc. the american industrial enterprise
Name of publisher, distributor, etc. MIT Press
300 ## - PHYSICAL DESCRIPTION
Extent 480 : p. : cm. ; 18
365 ## - TRADE PRICE
Currency code GBP
Price amount 26
Holdings
Withdrawn status Lost status Damaged status Not for loan Home library Current library Shelving location Date acquired Source of acquisition Cost, normal purchase price Full call number Barcode Date last seen Copy number Price effective from Koha item type
        IMTN IMTN Rack 19-B 06/30/2012 AP 29.95 646.4021 CHA 19162 06/24/2024 91.5 06/24/2024 Books
Designed & Maintained by: LRC IMT Nagpur Contact: lrc@imtnag.ac.in© 2024. All Rights Reserved.